书目信息 |
| 题名: |
生物技术原理和应用
|
|
| 作者: | I.J.希金斯 主编 ;马昭若 译 | |
| 分册: | ||
| 出版信息: | 北京 科学出版社 1989 |
|
| 页数: | 267页 | |
| 开本: | 26cm | |
| 丛书名: | ||
| 单 册: | ||
| 中图分类: | Q-0 | |
| 科图分类: | ||
| 主题词: | 生物学--理论 , 生物学--方法 | |
| 电子资源: | ||
| ISBN: | 7-03-001204-6 | |
| 000 | 00661nam0 2200217 45 | |
| 001 | 0407011032 | |
| 005 | 20040701105744.8 | |
| 010 | @a7-03-001204-6@dCNY16.30 | |
| 100 | @a20040701d1989 km y0chiy0120 ea | |
| 101 | 0 | @achi |
| 105 | @a z 000yy | |
| 200 | 1 | @a生物技术原理和应用@ASheng Wu Ji Shu Yuan Li He Ying Yong@f(英)I.J.希金斯等主编@F(Ying)I.J.Xi Jin Si Deng Zhu Bian@g马昭若等译 |
| 210 | @a北京@c科学出版社@d1989 | |
| 215 | @a267页@d26cm | |
| 606 | 0 | @a生物学@x理论 |
| 606 | 0 | @a生物学@x方法 |
| 690 | @aQ-0@v3 | |
| 701 | 0 | @aI.J.希金斯@4主编 |
| 702 | 0 | @a马昭若@AMa Zhao Ruo@4译 |
| 801 | @aCN@bPftUser@c20040701 | |
| 905 | @f1@b226231@dQ-0@e22 | |
| 生物技术原理和应用/(英)I.J.希金斯等主编/马昭若等译.-北京:科学出版社,1989 |
| 267页;26cm |
| ISBN 7-03-001204-6:CNY16.30 |
| ● |
| 相关链接 |
|
|
|
|
正题名:生物技术原理和应用
索取号:Q-0/22
 
预约/预借
| 序号 | 登录号 | 条形码 | 馆藏地/架位号 | 状态 | 备注 |
| 1 | 0226231 | 001945177 | 第三借阅区/ [索取号:Q-0/22] | 在馆 | |
| 2 | 0226232 | 000075313 | 第二样本阅览室/ [索取号:Q-0/22] | 在馆 |